000 01123cam a22003377a 4500
003 CHAP
005 20220329141731.0
008 971013s1976 r 00010 d
010 _a73014
011 _a73986
035 _a83544
040 _cCHAP
090 _aFolleto 3556
100 0 0 _aAlas de Velis, Muriel Delmy.
_93384
245 1 3 _aEl picudo del cocotero
260 _aSanta Tecla :
_bCentro Nacional de Tecnología Agropecuaria,
_c(1976)
300 _a17 p.
_b: ilus.
490 0 _aCentro Nacional de Tecnología Agropecuaria. Circular
590 _aBATCH-UPD
_b10
_c20130110
_lUCH01
_h0616
590 _aBATCH-UPD
_b10
_c20130110
_lUCH01
_h2342
590 _aBATCH-UPD
_b10
_c20130410
_lUCH01
_h0258
590 _aBATCH-UPD
_b10
_c20130914
_lUCH01
_h0911
590 _aCONVERSION
_b10
_c20130109
_lUCH01
_h1340
650 1 4 _aCoco
_xPlagas.
_924262
650 1 4 _aRhynchophorus palmarum.
_997170
700 0 _aDean, Charles Gordon.
_931429
830 0 _aCentro Nacional de Tecnología Agropecuaria. Circular
_921253
901 _aBK
942 _cFOLL
949 _aFolleto 3556
_bBC
_cFOLL
_d-38151
_eTS1
_i83544
_mD.
_si
999 _c73014
_d73014